WWE Catchphrases - Statistics

General Stats
  • This quiz has been taken 1,271 times
  • The average score is 25 of 50
Answer Stats
Hint1 Answer % Correct
You Can't See Me! John Cena
88%
If Ya Smell What ___ ____ Is Cooking! The Rock
88%
Woooooo! Ric Flair
84%
Aaaaaaaaawesome! The Miz
82%
Yes! Yes! Yes! Daniel Bryan
80%
That's The Bottom Line, 'Coz _____ ____ Said So! "Stone Cold" Steve Austin
80%
Rest in Peace. Undertaker
80%
You're FIRED! Vince McMahon
79%
Can You Dig That, Sucka!? Booker T
76%
D-Von! Get The Tables! Bubba Ray Dudley
73%
Viva La Raza! Eddie Guerrero
72%
What's Up!? R-Truth
72%
Feed Me More! Ryback
67%
Suck It! D-Generation X
64%
Whatcha Gonna Do!? Hulk Hogan
62%
Everybody's Got A Price. Everybody's Gonna Pay. Million Dollar Man
62%
I'm The _________, And I'm Coming To Get You! The Boogeyman
61%
I'm Afraid I've Got Some Bad News! "Bad News" Barrett
60%
The Best There Is, The Best There Was, The Best There Ever Will Be. Bret Hart
60%
Woo! Woo! Woo! Zack Ryder
58%
EXCUSE ME! Vicky Guerrero
56%
We The People! Jack Swagger
55%
Who's Next? Goldberg
54%
Believe That! Roman Reigns
53%
It's True. It's True. Kurt Angle
49%
Fella! Sheamus
48%
Oh You Didn't Know?! Your Ass Better Call Somebody! Road Dogg
47%
Oooooh Yeah! "Macho Man" Randy Savage
46%
Hooooooooooooo! "Hacksaw" Jim Duggan
43%
Have A Nice Day! Mankind
42%
I Am The Ayatollah of Rock and Rolla! Chris Jericho
41%
Pimpin' Ain't Easy! The Godfather
41%
Boom! Boom! Boom! Kofi Kingston
40%
Banzai! Yokozuna
39%
Holla! Holla! Holla! Teddy Long
38%
Bang! Bang! Cactus Jack
35%
Eeeeeeeeeeuuuuuuuurgh! What A Rush! Legion of Doom
33%
Hey, Yo! Scott Hall
33%
Hello Ladies! Val Venis
32%
Ow! Have Mercy! Dude Love
28%
This Is MY House! Paige
28%
That's What I Do! Mark Henry
23%
Holla If You Hear Me! Scott Steiner
22%
Millions of Dollars! Millions of Dollars! Millions of Dollars! Primetime Players
20%
What's Up With That? Hurricaine
19%
Quote The _____, Nevermore. Raven
17%
And THAT'S An Order! Sgt. Slaughter
13%
Enough Is Enough! It's Time For A Change! Owen Hart
12%
I Love You! Brother Love
9%
Trust Me... Jake "The Snake" Roberts
8%
No matching quizzes found
Score Distribution
Percent of People with Each Score
Percentile by Number Answered
Your Score History
You have not taken this quiz